• 首页
  • 本馆介绍
  • 公告通知
  • 最新文献
  • 馆藏检索
  • 电子资源
  • 读者导购
  • 参考咨询
  • 我的图书馆
  • 登录
  • 详细信息显示
  • 放入我的书架
  • 预约/预借图书
  • 作者相关作品
  • 分类相关作品
  • 丛书相关作品
  • 出版社相关作品

书目信息

  • 表格格式
  • 工作单格式
  • 卡片格式
题名:
社会变迁中的青少年
    
 
作者: 辛自强 , 池丽萍 著
分册:  
出版信息: 北京   北京师范大学出版社  2008
页数: 358页
开本: 23cm
丛书名:
单 册:
中图分类: D669.5
科图分类:
主题词: 青少年问题--研究--中国 , 青少年问题
电子资源:
ISBN: 978-7-303-09550-6
000 00980nam0 2200265 45
001 1029869574
005 20100428143843.59
010    @a978-7-303-09550-6@dCNY48.00
100    @a20100420d2008 em y0chiy50 ea
101 0  @achi
102    @aCN@b110000
105    @aa z 000yy
106    @ar
200 1  @a社会变迁中的青少年@AShe Hui Bian Qian Zhong De Qing Shao Nian@f辛自强,池丽萍著@FXin Zi Qiang, Chi Li Ping Zhu
210    @a北京@c北京师范大学出版社@d2008
215    @a358页@c图@d23cm
300    @a京师心理研究 国家社会科学基金项目(05CSH014)成果
330    @a本书探讨了当代中国社会变迁和社会环境中青少年社会化的问题,内容包括:心理变迁的元分析方法;社会微环境:理论与实证;互联网背景下的青少年社会化;青少年社会性发展调查等。
606 0  @a青少年问题@x研究@y中国
606 0  @a青少年问题
690    @aD669.5@v4
701  0 @a辛自强@AXin Zi Qiang@4著
701  0 @a池丽萍@AChi Li Ping@4著
801  0 @aCN@bTANGWEI@c20100428
905    @b0593442-46@dD669.5@e116@f5
    
    社会变迁中的青少年/辛自强,池丽萍著.-北京:北京师范大学出版社,2008
    358页:图;23cm
    京师心理研究 国家社会科学基金项目(05CSH014)成果
    
    ISBN 978-7-303-09550-6:CNY48.00
    本书探讨了当代中国社会变迁和社会环境中青少年社会化的问题,内容包括:心理变迁的元分析方法;社会微环境:理论与实证;互联网背景下的青少年社会化;青少年社会性发展调查等。
●
相关链接 在E读中查询图书 在五车中查询图书 在当当中查询图书 在豆瓣中查询图书


正题名:社会变迁中的青少年     索取号:D669.5/116         预约/预借

序号 登录号 条形码 馆藏地/架位号 状态 备注
1 0593442   205934426   第一样本阅览室/ [索取号:D669.5/116] 在馆    
2 0593443   205934435   第一借阅区/ [索取号:D669.5/116] 在馆    
3 0593444   205934444   第一借阅区/ [索取号:D669.5/116] 在馆    
4 0593445   205934453   第一借阅区/ [索取号:D669.5/116] 在馆    
5 0593446   205934462   教育系资料室/ [索取号:D669.5/116] 在馆    
唐山师范学院图书馆 欢迎您!
大连网信软件有限公司© 版权所有